[Event "ch-FRA Blitz Online Qual"]
[Site "Europe-Chess INT"]
[Date "2020.05.16"]
[Round "7"]
[White "Neau, Julien"]
[Black "Ioannidis, Evgenios"]
[Result "0-1"]
[BlackTitle "IM"]
[WhiteElo "1916"]
[BlackElo "2401"]
[WhiteFideId "631388"]
[BlackFideId "4229274"]
[EventDate "2020.05.16"]

1. d4 d5 2. c4 c6 3. Nf3 Nf6 4. Nc3 e6 5. e3 Nbd7 6. Qc2 Bd6 7. Bd3 O-O 8. O-O
dxc4 9. Bxc4 b5 10. Be2 Bb7 11. Rd1 Qb8 12. e4 e5 13. dxe5 Nxe5 14. Nxe5 Bxe5
15. g3 Re8 16. Bf3 c5 17. Nxb5 Bxe4 18. Bxe4 Nxe4 19. Na3 Bd4 20. Be3 Bxe3 21.
fxe3 Qb7 22. Nc4 Qe7 23. Rd3 Qe6 24. Rf1 Ng5 25. Qe2 Qxc4 26. Rd2 Qxe2 27. Rxe2
Rad8 28. h4 Ne4 29. Kg2 Rd2 30. Rxd2 Nxd2 31. Rd1 Nc4 32. Rc1 Nxe3+ 33. Kf3 Re5
34. Re1 Nc4 35. Rc1 Nxb2 36. Rb1 Rf5+ 37. Kg2 c4 38. Rxb2 g6 39. Rb8+ Kg7 40.
Rc8 Ra5 41. Rxc4 Rxa2+ 42. Kf3 a5 43. g4 a4 44. Rc7 Kf6 45. Ra7 a3 46. Kg3 Ra1
47. Kf3 a2 48. Kg2 g5 49. h5 Ke5 50. Ra4 h6 51. Kh2 Kd5 52. Kg2 Kc5 53. Kh2 Kb5
54. Ra8 Kb4 55. Rb8+ Kc3 56. Rc8+ Kd3 57. Rd8+ Ke3 58. Re8+ Kf3 59. Ra8 Kxg4 60.
Ra4+ Kxh5 61. Kg2 f5 62. Kf2 Rh1 63. Kg2 a1=Q 0-1

[Event "ch-FRA Blitz Online Qual"]
[Site "Europe-Chess INT"]
[Date "2020.05.16"]
[Round "7"]
[White "De Seroux, Camille"]
[Black "Afraoui, Anaelle"]
[Result "0-1"]
[WhiteTitle "WIM"]
[BlackTitle "WFM"]
[WhiteElo "2137"]
[BlackElo "2120"]
[WhiteFideId "1305620"]
[BlackFideId "20654383"]
[EventDate "2020.05.16"]

1. e4 d6 2. d4 Nf6 3. Nc3 g6 4. f4 Bg7 5. a3 O-O 6. Be3 b6 7. Nf3 Bb7 8. Bd3
Nbd7 9. h3 e5 10. fxe5 dxe5 11. d5 c6 12. O-O cxd5 13. Nxd5 Nxd5 14. exd5 Bxd5
15. c4 Bb7 16. Bc2 Rc8 17. Qe2 Qc7 18. b3 Rcd8 19. Bg5 Rde8 20. Rad1 Nc5 21. Nd2
Ne6 22. Ne4 Bxe4 23. Bxe4 Nxg5 24. Bd5 Ne6 25. b4 Qe7 26. Qe4 Nc7 27. Bc6 Rd8
28. Qf3 Rxd1 29. Rxd1 Rd8 30. Rf1 f5 31. Qb3 Kh8 32. a4 e4 33. a5 bxa5 34. bxa5
Qc5+ 35. Kh1 Qxc6 0-1

[Event "ch-FRA Blitz Online Qual"]
[Site "Europe-Chess INT"]
[Date "2020.05.16"]
[Round "7"]
[White "Sumarriva Paulin, Laura"]
[Black "Derige Kane, Yan"]
[Result "0-1"]
[WhiteTitle "WFM"]
[WhiteElo "2023"]
[BlackElo "2236"]
[WhiteFideId "45102635"]
[BlackFideId "20665431"]
[EventDate "2020.05.16"]

1. d4 Nf6 2. c4 e6 3. Nc3 Bb4 4. e3 b6 5. Ne2 c5 6. a3 Ba5 7. d5 exd5 8. cxd5 d6
9. Nf4 O-O 10. Bd3 Nbd7 11. O-O Bxc3 12. bxc3 Ne5 13. Bc2 Re8 14. Ne2 Bb7 15. e4
b5 16. Ng3 Bc8 17. f4 Ng6 18. a4 Bg4 19. Qd2 Bd7 20. Re1 a6 21. Bb2 c4 22. Ba3
h5 23. Bxd6 Qb6+ 24. Qf2 Qxd6 25. e5 Nxe5 26. fxe5 Rxe5 27. Rxe5 Qxe5 28. Qf3
Re8 29. Rd1 Qe3+ 30. Qf2 g6 31. axb5 axb5 32. Qxe3 Rxe3 0-1

[Event "ch-FRA Blitz Online Qual"]
[Site "Europe-Chess INT"]
[Date "2020.05.16"]
[Round "7"]
[White "Tomasi, Elise"]
[Black "Luminais, Eric"]
[Result "0-1"]
[WhiteElo "2030"]
[BlackElo "2161"]
[WhiteFideId "26088843"]
[BlackFideId "610372"]
[EventDate "2020.05.16"]

1. d4 d5 2. Nf3 e6 3. g3 Nf6 4. Bg2 Be7 5. O-O O-O 6. c4 b6 7. Qc2 Bb7 8. Nbd2
Nbd7 9. b3 Rc8 10. Bb2 c5 11. Ne5 b5 12. Nxd7 Qxd7 13. Nf3 cxd4 14. Ne5 Qc7 15.
Bxd4 dxc4 16. Bxb7 Qxb7 17. bxc4 bxc4 18. Rab1 Qd5 19. Rfd1 Rc7 20. Qc3 Qe4 21.
Rb2 Nd5 22. Qa5 c3 23. f3 Qxd4+ 24. Rxd4 cxb2 0-1

[Event "ch-FRA Blitz Online Qual"]
[Site "Europe-Chess INT"]
[Date "2020.05.16"]
[Round "7"]
[White "Koelsch, Gilbert"]
[Black "Geronimi, Jean-Thomas"]
[Result "0-1"]
[WhiteTitle "CM"]
[WhiteElo "2159"]
[BlackElo "1827"]
[WhiteFideId "612243"]
[BlackFideId "36098515"]
[EventDate "2020.05.16"]

1. e4 c5 2. Nc3 Nc6 3. f4 g6 4. Nf3 Bg7 5. Bc4 e6 6. f5 Nge7 7. fxe6 fxe6 8. a3
O-O 9. O-O d5 10. Ba2 Nd4 11. d3 Kh8 12. Bg5 dxe4 13. Nxe4 h6 14. Bh4 Ndf5 15.
Bf2 Bxb2 16. Bxc5 Bxa1 17. Qxa1+ Kg8 18. Nf6+ Kf7 19. Ne5+ Kg7 20. Nfg4 Kg8 21.
Qc1 b6 22. Bb4 h5 23. Nh6+ Nxh6 24. Qxh6 Qd4+ 25. Qe3 Qxe3+ 0-1

[Event "ch-FRA Blitz Online Qual"]
[Site "Europe-Chess INT"]
[Date "2020.05.16"]
[Round "7"]
[White "Ellis, Antoine"]
[Black "Duquesne, Adrien"]
[Result "1-0"]
[WhiteElo "2066"]
[BlackElo "2147"]
[WhiteFideId "36019992"]
[BlackFideId "20650582"]
[EventDate "2020.05.16"]

1. d4 Nf6 2. c4 e6 3. Nc3 Bb4 4. Nf3 d5 5. a3 Bxc3+ 6. bxc3 c5 7. e3 O-O 8. Bb2
dxc4 9. Bxc4 Qc7 10. Qe2 b6 11. O-O Bb7 12. Bd3 Nbd7 13. a4 Ne4 14. Rac1 Qd8 15.
Rfd1 Ng5 16. e4 Nxf3+ 17. Qxf3 Qg5 18. a5 e5 19. d5 Nf6 20. a6 Bc8 21. h3 Ne8
22. c4 Nd6 23. Rc2 Bd7 24. Bc1 Qg6 25. Qe2 Ba4 26. Rf1 Bxc2 27. Bxc2 Qf6 28. f4
exf4 29. e5 Qe7 30. Bxf4 Rae8 31. Qg4 Nc8 32. d6 Qe6 33. Bf5 Qxc4 34. d7 Rd8 35.
dxc8=Q Rxc8 36. Bxc8 Rd8 37. e6 Qd4+ 38. Kh2 fxe6 39. Bxe6+ Kh8 40. Qg5 Rf8 41.
Be5 1-0

[Event "ch-FRA Blitz Online Qual"]
[Site "Europe-Chess INT"]
[Date "2020.05.16"]
[Round "7"]
[White "Daeschler, Florian"]
[Black "Iglesias, Christophe"]
[Result "1-0"]
[WhiteTitle "FM"]
[WhiteElo "2322"]
[BlackElo "1815"]
[WhiteFideId "20678193"]
[BlackFideId "551007584"]
[EventDate "2020.05.16"]

1. d4 d5 2. c4 c6 3. Nf3 Nf6 4. e3 Bf5 5. Nc3 e6 6. Nh4 Be4 7. f3 Bg6 8. Qb3 Qb6
9. Nxg6 hxg6 10. Bd2 Nbd7 11. g3 Bd6 12. Kf2 Qxb3 13. axb3 a6 14. Bd3 O-O-O 15.
Kg2 dxc4 16. bxc4 e5 17. Rab1 exd4 18. exd4 Rde8 19. b4 Bc7 20. b5 axb5 21. cxb5
Nb6 22. bxc6 bxc6 23. Ba6+ Kd7 24. Rbc1 Nbd5 25. Na4 Ra8 26. Bb7 Rab8 27. Bxc6+
Kd6 28. Bxd5 Nxd5 29. Rc2 Ra8 30. Nc5 Bb6 31. Rb1 Rhc8 32. Ne4+ Kd7 33. Rxc8
Rxc8 34. Rb5 Kc6 35. Rb2 Ra8 36. Rc2+ Kd7 37. Nc5+ Bxc5 38. dxc5 Rc8 39. Kf2 Ne7
40. Bf4 Rc6 41. Bd6 Ke6 42. Re2+ Kd5 43. Bxe7 1-0

[Event "ch-FRA Blitz Online Qual"]
[Site "Europe-Chess INT"]
[Date "2020.05.16"]
[Round "7"]
[White "Lesueur, Gabriel"]
[Black "Samoun, Florent"]
[Result "0-1"]
[BlackTitle "FM"]
[WhiteElo "1906"]
[BlackElo "2299"]
[WhiteFideId "45186359"]
[BlackFideId "664995"]
[EventDate "2020.05.16"]

1. e4 Nf6 2. e5 Nd5 3. d4 Nb6 4. a4 a5 5. Nf3 d6 6. Nc3 g6 7. exd6 cxd6 8. h4 h5
9. Bb5+ N6d7 10. Qe2 Bg7 11. Bg5 Nc6 12. Nd5 f6 13. Qe4 Kf7 14. Bc4 e6 15. Nf4
Nf8 16. Bxf6 Qxf6 17. d5 Ne5 18. dxe6+ Nxe6 19. Nd5 Nxf3+ 20. gxf3 Qe5 21. Nc7
Rb8 22. O-O-O Qxe4 0-1

[Event "ch-FRA Blitz Online Qual"]
[Site "Europe-Chess INT"]
[Date "2020.05.16"]
[Round "7"]
[White "Nineuil, Vincent"]
[Black "Spitz, Christophe"]
[Result "1/2-1/2"]
[WhiteElo "1920"]
[BlackElo "2137"]
[WhiteFideId "688380"]
[BlackFideId "608378"]
[EventDate "2020.05.16"]

1. e4 c5 2. Nf3 g6 3. c3 Nf6 4. e5 Nd5 5. d4 cxd4 6. cxd4 Bg7 7. Nc3 Nxc3 8.
bxc3 Nc6 9. Bc4 O-O 10. O-O d6 11. exd6 Qxd6 12. a4 Bg4 13. Ba3 Qd7 14. h3 Bxf3
15. Qxf3 Rac8 16. Bb5 a6 17. Bd3 Na5 18. Bb4 Nb3 19. Rad1 a5 20. Bc5 Nxc5 21.
dxc5 Qxa4 22. Qxb7 Qc6 23. Qxe7 Qxc5 24. Qxc5 Rxc5 25. c4 a4 26. Rd2 a3 27. Ra2
Bb2 28. Rb1 Rd8 29. Be4 Rxc4 30. Bf3 Rc2 31. Re1 Rdd2 32. Be4 Rc3 33. Bf3 Bc1
34. Rxd2 Bxd2 35. Ra1 Rb3 36. Bd5 Rd3 37. Ba2 Bc3 38. Rc1 Bb2 39. Rc2 Rd1+ 40.
Kh2 Ra1 41. Bb3 Rc1 42. Re2 Rc3 43. Bd5 Rd3 44. Bc4 Rd1 45. Re7 Kf8 46. Rxf7+
Ke8 47. Rxh7 Be5+ 48. g3 Rd2 49. Ra7 a2 50. Rxa2 Rxa2 51. Bxa2 Ke7 52. Bc4 Kf6
53. Bd3 Bd4 54. Kg2 g5 55. f4 gxf4 56. gxf4 Be3 57. Kf3 Bd2 58. f5 Be1 59. Kg4
Bd2 60. h4 Be3 61. Be4 Bd2 62. h5 Bh6 63. Kf3 Bg5 64. Ke2 Ke5 65. Kd3 Kf6 66.
Kc4 Bh6 67. Kd5 Bg7 68. Kd6 Bh6 69. Kd7 Bg7 70. Ke8 Bh6 71. Bd3 Bg7 72. Kd7 Bh6
73. Kc6 Bg7 74. Kd5 Bh6 75. Ke4 Bg7 76. Kf3 Bh6 77. Kg4 Bg5 78. h6 Bxh6 79. Kh5
Bg7 80. Be4 Bf8 81. Bd3 Be7 82. Be4 Bf8 83. Bd3 Be7 84. Kh6 Bf8+ 85. Kh7 Be7 86.
Kg8 Bd6 87. Be4 Be5 88. Bd3 Bd4 89. Be4 Be5 90. Bd3 Bd4 91. Be4 Be5 1/2-1/2

[Event "ch-FRA Blitz Online Qual"]
[Site "Europe-Chess INT"]
[Date "2020.05.16"]
[Round "7"]
[White "Bosc, Gabriel"]
[Black "Testud, Philippe"]
[Result "1-0"]
[WhiteElo "1994"]
[BlackElo "2123"]
[WhiteFideId "26086743"]
[BlackFideId "611409"]
[EventDate "2020.05.16"]

1. f4 c5 2. Nf3 Nc6 3. b3 d5 4. Bb2 d4 5. e3 Nf6 6. Bb5 dxe3 7. dxe3 Qa5+ 8. Nc3
Bd7 9. O-O Rd8 10. Qe2 e6 11. Rfd1 Be7 12. Bd3 O-O 13. Ng5 Nb4 14. Bc4 Bc6 15.
a3 Nbd5 16. Nxd5 Nxd5 17. Bd3 h6 18. Ne4 f5 19. Ng3 Bf6 20. Bxf6 Rxf6 21. Qe1
Qc7 22. Bc4 b5 23. Bd3 a6 24. c4 Nb6 25. cxb5 axb5 26. Qc3 Qe7 27. Rac1 Nd7 28.
Be2 Rg6 29. Bh5 Rf6 30. Rd2 Nb6 31. Rxd8+ Qxd8 32. Qxc5 Be8 33. Bxe8 Qxe8 34.
Qxb6 e5 35. Qc5 exf4 36. exf4 Rf8 37. Qd5+ Kh7 38. Qe5 Qd7 39. Re1 Qd3 40. Qe3
Qd6 41. h3 Qxa3 42. Kh2 Rf6 43. Qd3 Qb4 44. Rf1 Rg6 45. Rf3 Qc5 46. Qxf5 Qd6 47.
Qd3 1-0

[Event "ch-FRA Blitz Online Qual"]
[Site "Europe-Chess INT"]
[Date "2020.05.16"]
[Round "7"]
[White "Bernard, Mathis"]
[Black "Robert, Mathias"]
[Result "1/2-1/2"]
[WhiteElo "1880"]
[BlackElo "2140"]
[WhiteFideId "36075205"]
[BlackFideId "26066769"]
[EventDate "2020.05.16"]

1. e4 c5 2. Nf3 Nc6 3. Bb5 g6 4. O-O Bg7 5. c3 Nf6 6. Re1 O-O 7. h3 a6 8. Bf1 d5
9. e5 Ne8 10. d4 Nc7 11. Be3 c4 12. b3 b5 13. a4 Bf5 14. Nbd2 f6 15. exf6 exf6
16. g4 Bd7 17. Bg2 f5 18. Bg5 Qc8 19. gxf5 Bxf5 20. h4 Bg4 21. Re3 h6 22. Be7
Nxe7 23. Rxe7 Bf6 24. Re3 Bxh4 25. Qe1 Bf6 26. Ne5 Bf5 27. bxc4 bxc4 28. Ndf3
Rb8 29. Nc6 Rb6 30. Nfe5 Bxe5 31. Nxe5 Re6 32. Rb1 Kg7 33. Rb2 g5 34. Rbe2 Rfe8
35. Bf3 Bh7 36. Bh5 R8e7 37. Ng4 Bg6 38. Bxg6 Kxg6 39. Ne5+ Kg7 40. f3 Ne8 41.
Qg3 Nf6 42. f4 Nh5 43. Qg4 Nxf4 44. Rf2 Kh7 45. Qf5+ Ng6 46. Nxg6 Rxe3 47. Nf8+
Kg7 48. Qg6+ Kh8 49. Qxh6+ Kg8 50. Qxg5+ Rg7 51. Ng6 Qe8 52. Rg2 Re1+ 53. Kh2
Rxg6 54. Qxg6+ Qxg6 55. Rxg6+ Kf7 56. Rxa6 Re3 57. Ra5 Ke6 58. Ra6+ Kd7 59. Ra7+
Kc6 60. a5 Rxc3 61. a6 Rd3 62. Kg2 Rxd4 63. Ra8 Rd2+ 64. Kf3 Ra2 65. Ke3 Kb6 66.
Rd8 Ra5 67. Kd4 Kxa6 68. Rc8 Kb7 69. Rd8 Kc7 70. Rg8 Kd6 71. Rg6+ Ke7 72. Rb6
Kf7 73. Rd6 Ke7 74. Rb6 Ra8 75. Kxd5 Rc8 76. Rb2 Kf6 77. Rc2 c3 78. Kd4 Kf5 79.
Rxc3 1/2-1/2

[Event "ch-FRA Blitz Online Qual"]
[Site "Europe-Chess INT"]
[Date "2020.05.16"]
[Round "7"]
[White "Soubirou, Oriane"]
[Black "Rebut, Paul"]
[Result "0-1"]
[WhiteElo "2144"]
[BlackElo "1966"]
[WhiteFideId "686034"]
[BlackFideId "45111057"]
[EventDate "2020.05.16"]

1. e4 c5 2. Nf3 d6 3. d4 cxd4 4. Nxd4 Nf6 5. Nc3 a6 6. g3 e5 7. Nf3 Be7 8. Bg2
O-O 9. O-O Be6 10. Nh4 Nc6 11. Be3 b5 12. Nd5 Bxd5 13. exd5 Na5 14. b3 Rc8 15.
Nf5 g6 16. Nxe7+ Qxe7 17. Bb6 Nb7 18. a4 Nc5 19. axb5 axb5 20. Ra7 Nfd7 21. Bh3
f5 22. g4 Qh4 23. Bxc5 Nxc5 24. Bg2 Qxg4 25. Qxg4 fxg4 26. Rfa1 Rf7 27. Bf1 b4
28. Be2 h5 29. Rxf7 Kxf7 30. Ra7+ Kf6 31. Bc4 Rf8 32. Rc7 Kg5 33. Rc6 Ne4 34.
Rb6 Nxf2 35. Rxd6 h4 36. Re6 Nh3+ 37. Kh1 Rf2 38. Rxe5+ Kf4 39. Re2 Rxe2 40.
Bxe2 Nf2+ 41. Kg2 Ne4 42. Bc4 Nd6 43. Be2 g5 44. Bc4 Ke3 45. Bd3 Kd4 46. Bc4 Ke5
47. Be2 Kf4 48. Bc4 h3+ 49. Kf2 Ne4+ 50. Kg1 g3 51. Bd3 Nd6 52. Bc4 g4 53. Bd3
Kf3 54. Bf1 g2 55. Bc4 g3 56. Bd3 gxh2+ 57. Kxh2 Kf2 58. Kxh3 g1=Q 59. Kh4 Qg7
60. Kh5 Ke3 61. Bg6 Kf4 62. c4 bxc3 63. b4 c2 64. b5 c1=Q 65. b6 Qh1# 0-1

[Event "ch-FRA Blitz Online Qual"]
[Site "Europe-Chess INT"]
[Date "2020.05.16"]
[Round "7"]
[White "Gerandi, Guillaume"]
[Black "Carvallo, Henri"]
[Result "1-0"]
[WhiteElo "1876"]
[BlackElo "2069"]
[WhiteFideId "20648359"]
[BlackFideId "619914"]
[EventDate "2020.05.16"]

1. e4 d6 2. d4 Nf6 3. Nc3 e5 4. Nf3 Nbd7 5. Bc4 Be7 6. O-O O-O 7. h3 a6 8. a4 b6
9. Be3 c6 10. dxe5 dxe5 11. Qe2 Qc7 12. Nh2 Nc5 13. Bd3 a5 14. f4 Bd6 15. f5 Ba6
16. Bg5 Be7 17. Bxf6 Bxf6 18. Ng4 Qe7 19. Rad1 Nxd3 20. cxd3 Rad8 21. Qe3 Rb8
22. Kh1 Bg5 23. Qg3 f6 24. h4 Bf4 25. Qh3 Rbd8 26. g3 Bh6 27. Nxh6+ gxh6 28. g4
Kh8 29. Rg1 Rg8 30. Qe3 h5 31. g5 Bb7 32. g6 c5 33. Qh6 Qg7 34. Qxh5 c4 35. dxc4
h6 36. Nd5 Rc8 37. b3 Bxd5 38. Rxd5 Rcd8 39. Rgd1 Rxd5 40. cxd5 Rc8 41. d6 1-0

[Event "ch-FRA Blitz Online Qual"]
[Site "Europe-Chess INT"]
[Date "2020.05.16"]
[Round "7"]
[White "Djidjeli, Sofiane"]
[Black "Villeneuve, Samuel"]
[Result "1/2-1/2"]
[WhiteElo "2209"]
[BlackElo "1807"]
[WhiteFideId "36067520"]
[BlackFideId "20642105"]
[EventDate "2020.05.16"]

1. e4 c5 2. Nf3 Nc6 3. Bb5 g6 4. c3 Nf6 5. Qe2 Bg7 6. O-O O-O 7. Rd1 d5 8. e5
Nd7 9. d4 e6 10. Nbd2 Qb6 11. Rb1 a6 12. Bxc6 bxc6 13. Nb3 c4 14. Nbd2 Qa5 15.
Ra1 c5 16. Nf1 cxd4 17. cxd4 Rb8 18. Ng3 Qc7 19. Be3 a5 20. Rac1 Ba6 21. Qd2 Rb7
22. h4 h5 23. Bh6 Rfb8 24. Bxg7 Kxg7 25. Qg5 Kh7 26. b3 Qd8 27. bxc4 Bxc4 28.
Qxd8 Rxd8 29. Ng5+ Kg7 30. Rc3 Bxa2 31. Ra3 Bc4 32. Rxa5 Rdb8 33. Kh2 Rb2 34.
Ra7 R8b7 35. Rxb7 Rxb7 36. Ra1 Nb6 37. Nf1 Bxf1 38. Rxf1 Nc4 39. Nf3 Rb2 40. Kg3
Kh6 41. Ra1 Nd2 42. Nxd2 Rxd2 43. Ra4 g5 44. hxg5+ Kxg5 45. Kf3 Rc2 46. g3 Kf5
47. Ra7 Kg6 48. Ra8 Rc4 49. Ke3 Rc3+ 50. Kd2 Rf3 51. Ke2 Rc3 52. Rg8+ Kf5 53.
Rh8 Kg6 54. Rg8+ Kf5 55. Rg7 Ke4 56. Rxf7 Kxd4 57. Rh7 Kxe5 58. Rxh5+ Kd4 59.
Kd2 Rf3 60. Ke2 Ra3 61. g4 e5 62. g5 Ra8 63. Rh4+ e4 64. f3 Ra2+ 65. Kf1 Ke3 66.
fxe4 dxe4 67. g6 Ra8 68. Rg4 Rg8 69. g7 Kf3 70. Rg6 e3 71. Ke1 Ke4 72. Ke2 Kf4
73. Rg1 Ke4 74. Rg2 Kf4 75. Rg1 Ke4 76. Rg6 Kf4 77. Rg2 Ke4 78. Rg1 1/2-1/2

[Event "ch-FRA Blitz Online Qual"]
[Site "Europe-Chess INT"]
[Date "2020.05.16"]
[Round "7"]
[White "Martinez Martinez, Mateo"]
[Black "Mathieu, Phileas"]
[Result "1-0"]
[WhiteElo "1917"]
[BlackElo "2214"]
[WhiteFideId "36055140"]
[BlackFideId "36048410"]
[EventDate "2020.05.16"]

1. d4 Nf6 2. c4 c5 3. d5 b5 4. Nf3 Bb7 5. Bg5 Ne4 6. Bf4 Qa5+ 7. Nbd2 Nxd2 8.
Bxd2 Qb6 9. e4 d6 10. cxb5 g6 11. Bc3 f6 12. Qd2 Bg7 13. Ba5 O-O 14. Bxb6 axb6
15. Be2 Nd7 16. O-O f5 17. Ng5 fxe4 18. Ne6 Rf5 19. Nxg7 Kxg7 20. Bc4 Ne5 21. b3
Raf8 22. Rae1 Rf4 23. Qc2 Bc8 24. h3 Bf5 25. Re3 Rh4 26. Be2 g5 27. g4 Bg6 28.
Qc3 Kg8 29. Kg2 h5 30. gxh5 Bf5 31. Rg3 Kh7 32. Rh1 Rg8 33. Qe3 Nf7 34. f3 Ne5
35. fxe4 Rxe4 36. Qf2 Rf4 37. Qe3 Re4 38. Qd2 Rd4 39. Qc1 Be4+ 40. Bf3 Nxf3 41.
Rxf3 Rf8 42. Rf1 Rd3 43. Qc2 Rfxf3 44. Rxf3 Bxf3+ 45. Kf2 Be4 46. Qe2 Bf5 47.
Qxe7+ Kh6 48. Qf6+ Kxh5 49. Qxf5 Rd2+ 50. Kg3 Rxa2 51. Qh7# 1-0

[Event "ch-FRA Blitz Online Qual"]
[Site "Europe-Chess INT"]
[Date "2020.05.16"]
[Round "7"]
[White "Denjoy, Arnaud"]
[Black "Kieffer, Anatole"]
[Result "0-1"]
[WhiteElo "2166"]
[BlackElo "2094"]
[WhiteFideId "26071185"]
[BlackFideId "20650027"]
[EventDate "2020.05.16"]

1. d4 Nf6 2. Nf3 g6 3. c4 Bg7 4. e3 O-O 5. Be2 d6 6. Nc3 b6 7. O-O Bb7 8. d5 e6
9. e4 Nbd7 10. Qc2 e5 11. Be3 Nh5 12. b4 Nf4 13. c5 Bc8 14. cxd6 cxd6 15. Rac1
Nxe2+ 16. Qxe2 a5 17. Nb5 Ba6 18. bxa5 Bxb5 19. Qxb5 Rxa5 20. Qb4 Nc5 21. Bxc5
dxc5 22. Qb3 Qd6 23. Rb1 b5 24. Rfc1 Rb8 25. Qc2 c4 26. h4 Rba8 27. Qc3 Qa6 28.
Nxe5 Rxa2 29. Qd4 Ra3 30. f4 Rd3 31. Qc5 Bxe5 32. fxe5 Qa2 33. e6 fxe6 34. Qc6
exd5 35. Qe6+ Kg7 36. Qe7+ Kg8 37. Rf1 Qa7+ 38. Qxa7 Rxa7 39. Rxb5 dxe4 40. Rc5
c3 41. h5 e3 42. h6 Ra8 43. Rc7 e2 44. Rcf7 exf1=Q+ 0-1

[Event "ch-FRA Blitz Online Qual"]
[Site "Europe-Chess INT"]
[Date "2020.05.16"]
[Round "7"]
[White "Dijoux, Julien"]
[Black "Lambert, Adrien"]
[Result "1/2-1/2"]
[WhiteElo "1862"]
[BlackElo "2123"]
[WhiteFideId "666483"]
[BlackFideId "624772"]
[EventDate "2020.05.16"]

1. d4 g6 2. e4 d6 3. Nc3 Nf6 4. h3 Bg7 5. Be3 O-O 6. Qd2 a6 7. a4 b6 8. Nge2 Bb7
9. Ng3 Nc6 10. Be2 Re8 11. d5 Nb8 12. O-O Nbd7 13. Bd4 c6 14. dxc6 Bxc6 15. Bf3
Rc8 16. Rac1 Rc7 17. Qe3 Qa8 18. Bxb6 Nxb6 19. Qxb6 Rcc8 20. Qe3 Nd7 21. Be2 h5
22. Bxh5 gxh5 23. Nxh5 Nf6 24. Nxg7 Kxg7 25. Qg5+ Kh7 26. Qh4+ Kg6 27. Qg3+ Kh7
28. Qh4+ Kg6 29. Qg3+ Kh6 30. Qh4+ Kg6 1/2-1/2

[Event "ch-FRA Blitz Online Qual"]
[Site "Europe-Chess INT"]
[Date "2020.05.16"]
[Round "7"]
[White "Oney, Remel"]
[Black "Schweitzer, Adrien"]
[Result "0-1"]
[WhiteElo "1781"]
[BlackElo "2086"]
[WhiteFideId "6310125"]
[BlackFideId "628220"]
[EventDate "2020.05.16"]

1. d4 Nf6 2. Bf4 c5 3. e3 Qb6 4. dxc5 Qxb2 5. Nd2 Qc3 6. Ne2 Qxc5 7. Nb3 Qb4+ 8.
Qd2 Qxd2+ 9. Nxd2 Nc6 10. Nd4 d6 11. Nxc6 bxc6 12. Bd3 e5 13. Bg5 Be7 14. O-O h6
15. Bh4 Be6 16. Bg3 O-O 17. Rab1 Rab8 18. a4 Nd5 19. a5 Nc3 20. Rxb8 Rxb8 21.
Ne4 Nd5 22. h3 f5 23. Nd2 Nb4 24. Rb1 c5 25. c3 Nc6 26. Rxb8+ Nxb8 27. Bc4 Kf7
28. Bxe6+ Kxe6 29. Nc4 Nc6 30. a6 Nb8 31. Na5 Nxa6 32. Nc6 Nc7 33. Nxa7 Nd5 34.
c4 Nb6 35. Nb5 Nxc4 36. Nc7+ Kf7 37. Nd5 g5 38. Kf1 Nd2+ 39. Ke2 Ne4 40. Bh2 Nf6
41. f3 Nxd5 0-1

[Event "ch-FRA Blitz Online Qual"]
[Site "Europe-Chess INT"]
[Date "2020.05.16"]
[Round "7"]
[White "Bellahcene, Sofia"]
[Black "Ribiere, Damien"]
[Result "0-1"]
[WhiteElo "1948"]
[BlackElo "2083"]
[WhiteFideId "26075954"]
[BlackFideId "26041634"]
[EventDate "2020.05.16"]

1. e4 d6 2. d4 Nf6 3. Nc3 g6 4. f4 Bg7 5. h3 O-O 6. Nf3 Nc6 7. Be3 e5 8. dxe5
dxe5 9. Qxd8 Rxd8 10. fxe5 Nh5 11. Kf2 Nxe5 12. Nd4 c6 13. g4 Nf6 14. Bg2 Re8
15. Rad1 a6 16. b3 h5 17. g5 Nfd7 18. Nce2 Nf8 19. Nf4 Ne6 20. Ndxe6 Bxe6 21.
Nxe6 Rxe6 22. Rd2 f6 23. Rhd1 Rf8 24. Kg1 fxg5 25. Bxg5 Nf3+ 26. Bxf3 Rxf3 27.
Rd8+ Kh7 28. Kg2 Rf7 29. R8d7 Rf8 30. Rf1 Rxf1 31. Kxf1 Rxe4 32. Rxb7 Re5 33. h4
Re6 34. Ra7 c5 35. Re7 Rc6 36. Ke2 Kg8 37. Kd3 Bf8 38. Re8 Kf7 39. Ra8 Bd6 40.
Ra7+ Ke6 41. Kc4 Bc7 42. c3 Kf5 43. Ra8 Kg4 44. a4 Bg3 45. Re8 Bxh4 46. Bxh4
Kxh4 47. Kd5 Rc7 48. Re4+ Kg5 49. Kd6 Rh7 50. Kxc5 h4 51. Re5+ Kf4 52. Kd6 h3
53. Re1 h2 54. Rh1 g5 55. c4 g4 56. c5 g3 57. c6 g2 58. c7 Rxc7 59. Kxc7 g1=Q
60. Rxg1 hxg1=Q 61. Kb7 Ke5 62. Kxa6 Qg8 63. b4 Kd6 64. b5 Kc7 65. b6+ Kb8 66.
Kb5 Qd5+ 67. Ka6 Qb7+ 68. Kb5 Qd5+ 69. Ka6 Ka8 70. a5 Qc4# 0-1

[Event "ch-FRA Blitz Online Qual"]
[Site "Europe-Chess INT"]
[Date "2020.05.16"]
[Round "7"]
[White "Rodriguez Rodriguez, Antonio"]
[Black "Massiani, Xavier"]
[Result "0-1"]
[WhiteTitle "FM"]
[WhiteElo "2112"]
[BlackElo "1781"]
[WhiteFideId "2219255"]
[BlackFideId "45145059"]
[EventDate "2020.05.16"]

1. d4 Nf6 2. Bg5 e6 3. Nf3 Be7 4. Nbd2 d5 5. e3 h6 6. Bh4 O-O 7. Bd3 c5 8. c3
Nc6 9. Bg3 Nh5 10. Ne5 Nxg3 11. hxg3 Nxe5 12. dxe5 Qb6 13. Rb1 Rd8 14. Qg4 Kf8
15. Nf3 Bd7 16. Qf4 Ke8 17. g4 g5 18. Qh2 Bf8 19. Qh5 Bb5 20. Bh7 Qa5 21. a3 d4
22. exd4 cxd4 23. b4 Qxa3 24. cxd4 Bxb4+ 25. Kd1 Qa4+ 26. Bc2 Be2+ 27. Kxe2
Qxc2+ 28. Ke3 Rac8 29. Rhd1 Rc3+ 0-1

[Event "ch-FRA Blitz Online Qual"]
[Site "Europe-Chess INT"]
[Date "2020.05.16"]
[Round "7"]
[White "Demarche, Laurent"]
[Black "Pottier, Simeon"]
[Result "0-1"]
[WhiteElo "1835"]
[BlackElo "2186"]
[WhiteFideId "609757"]
[BlackFideId "26069296"]
[EventDate "2020.05.16"]

1. d3 d5 2. Nd2 e5 3. e4 Nf6 4. Ngf3 Nc6 5. Be2 Bc5 6. O-O O-O 7. c3 a5 8. b3
Re8 9. a3 d4 10. c4 Nh5 11. Nxe5 Nxe5 12. f4 Nxf4 13. Rxf4 Bd6 14. Rf1 Qh4 15.
g3 Qe7 16. Nf3 Bh3 17. Rf2 Ng4 18. Ng5 Nxf2 19. Kxf2 Bd7 20. Bh5 g6 21. Bg4 f5
22. exf5 Rf8 23. Kg2 Bxf5 24. Bf3 c6 25. Ra2 Rae8 26. Re2 Qd7 27. Be4 Bg4 28.
Nf3 Bxf3+ 29. Bxf3 Rxe2+ 30. Qxe2 Re8 31. Qf2 Bf8 32. Bf4 Bxa3 33. Be4 Bf8 34.
h4 Bg7 35. Qf3 Be5 36. Bg5 Rf8 37. Qe2 Qf7 0-1